000
003220000a22001570004500
003
MACL
040
_a
MACL
090
_c
7611
_d
7610
100
_a
Anand, Uma
245
_a
Let's do A Play
260
_b
National Book Trust
_c
1971
350
_a
1.50
650
_a
Children Books
942
_c
BOOK
_k
528
951
_o
528 BOOK
999
_c
7563
_d
7563